Tim Walz... or JD Vance? - Statistics

General Stats
  • This quiz has been taken 140 times
  • The average score is 10 of 15
Answer Stats
Question Answer % Correct
Published the best seller Hillybilly Elegy. JD Vance
97%
Is older. Tim Walz
97%
Is married to an Indian American. JD Vance
95%
Opposes the legalization of abortion. JD Vance
92%
Coached high school football. Tim Walz
92%
Has spent more time working as a politician. Tim Walz
89%
Was announced first as a presidential running mate in the 2024 election. JD Vance
82%
Has served in the US Senate. JD Vance
68%
Attended law school. JD Vance
53%
Was divorced. Neither
50%
Served in the military. Both
47%
Was not born in the state which they represent in the government during the 2024 election. Tim Walz
39%
Was appointed to a council of state/federal officials by Donald Trump in 2019. Tim Walz
32%
Was baptized Catholic. Both
26%
Has "James" somewhere in his legal name. Both
18%
No matching quizzes found
Score Distribution
Percent of People with Each Score
Percentile by Number Answered
Your Score History
You have not taken this quiz